| 000 | 01003nam0a22002771 4500 | ||
|---|---|---|---|
| 001 | rc\2990715 | ||
| 005 | 20250805160813.4 | ||
| 035 | _a(NLR Aleph) 007134840 | ||
| 090 |
_a6996267 _c6996267 |
||
| 100 | _a20110915d1942 |||y0rusy50 ca | ||
| 101 | 0 | _arus | |
| 102 | _aRU | ||
| 105 | _aa z ||||| | ||
| 200 | 1 |
_aВ гостях у обезьян _fАвт.: В.С. Арнольд и Л.К. Зюзин _gСтихи: Н.П. Саконской _gЦентр. ин-т сан. прос. Нарокомздрава СССР |
|
| 210 |
_aМосква _cБ. и. _d1942 |
||
| 215 |
_a[20] с. ил. с текстом _cил. _d12×17 см |
||
| 700 | 1 |
_aАрнольд _bВ. С. _gВера Степановна |
|
| 701 | 1 |
_aЗюзин _bЛ. К. |
|
| 702 | 1 |
_aСаконская _bН. П. _4570 |
|
| 801 | 0 |
_aRU _bNLR _gpsbo |
|
| 801 | 1 |
_aRU _bELAR _2rusmarc |
|
| 852 |
_aNLR _jДл02 Г-0/408 |
||
| 942 | _cBOOK | ||
| 945 | _aРоссийская национальная библиотека | ||
| 980 | _aNB | ||
| 980 | _aBV | ||